[Event "AUTO-OPEN-1730"]
[Site "http://www.queenalice.com/game.php?id=724269"]
[Date "2010.2.1"]
[Round "2"]
[White "umdoistresredondoredondo"]
[Black "micheleoneleven"]
[Result "0-1"]
[WhiteElo "1832"]
[BlackElo "2161"]

1. e4 g6 2. Nf3 Bg7 3. Bc4 d6 4. d4 Nf6 5. Nc3 Nxe4 6. Nxe4 d5 7. Bb5+ c6 8.
Bxc6+ Nxc6 9. Nc3 Bg4 10. Be3 e5 11. h3 Bxf3 12. Qxf3 exd4 13. Nxd5 Ne5 0-1

[Event "AUTO-OPEN-1730"]
[Site "http://www.queenalice.com/game.php?id=724270"]
[Date "2010.2.1"]
[Round "2"]
[White "micheleoneleven"]
[Black "umdoistresredondoredondo"]
[Result "1-0"]
[WhiteElo "2159"]
[BlackElo "1835"]

1. Nf3 g6 2. g3 Bg7 3. Bg2 Nf6 4. c4 O-O 5. O-O Nc6 6. Nc3 d5 7. cxd5 Nxd5 8. d4
Bg4 9. Nxd5 Qxd5 10. Ne5 Qe6 11. Nxg4 Qxg4 12. e3 Qxd1 13. Rxd1 e6 14. Bd2 Rab8
15. b3 1-0

[Event "AUTO-OPEN-1730"]
[Site "http://www.queenalice.com/game.php?id=724271"]
[Date "2010.2.1"]
[Round "2"]
[White "umdoistresredondoredondo"]
[Black "razoman"]
[Result "0-1"]
[WhiteElo "1812"]
[BlackElo "1931"]

1. e4 g6 2. Nf3 Bg7 3. Bc4 e6 4. d4 c6 5. O-O d5 6. exd5 cxd5 7. Bb5+ Bd7 8.
Bxd7+ Nxd7 9. Nc3 a6 10. Be3 Ngf6 11. b3 O-O 12. Qd2 Rc8 13. Ne2 Qc7 14. c3 Ne4
15. Qd3 Ndf6 16. Rac1 Nh5 0-1

[Event "AUTO-OPEN-1730"]
[Site "http://www.queenalice.com/game.php?id=724272"]
[Date "2010.2.1"]
[Round "2"]
[White "razoman"]
[Black "umdoistresredondoredondo"]
[Result "1-0"]
[WhiteElo "1942"]
[BlackElo "1801"]

1. e4 e5 2. Nf3 Nc6 3. Bb5 d6 4. h3 a6 5. Ba4 Nf6 6. d3 h6 7. O-O Bd7 8. Nc3 Be7
9. Ne2 O-O 10. Ng3 b5 11. Bb3 a5 12. c3 a4 13. Bc2 d5 14. Nh4 Nxe4 15. dxe4 Bxh4
16. exd5 1-0

[Event "Challenge"]
[Site "http://www.queenalice.com/game.php?id=725518"]
[Date "2010.2.3"]
[Round "-"]
[White "Je"]
[Black "umdoistresredondoredondo"]
[Result "1-0"]
[WhiteElo "1800"]
[BlackElo "1872"]

1. e4 e5 2. d4 exd4 3. Qxd4 Nc6 4. Qe3 g6 5. Bc4 Bg7 6. Nf3 Ne5 7. Bb3 d6 8. Ng5
Nf6 9. Nc3 c6 10. Bd2 O-O 11. Qg3 Nh5 12. Qh4 Bf6 13. f4 1-0

[Event "Challenge"]
[Site "http://www.queenalice.com/game.php?id=725519"]
[Date "2010.2.3"]
[Round "-"]
[White "umdoistresredondoredondo"]
[Black "Je"]
[Result "0-1"]
[WhiteElo "1893"]
[BlackElo "1779"]

1. e4 e5 2. Nf3 Nc6 3. Bc4 h6 4. O-O d6 5. h3 Nf6 6. d3 Be6 7. Bxe6 fxe6 8. Nc3
d5 9. Re1 d4 10. Ne2 Bd6 11. c3 Qe7 0-1

[Event "Jogo da Saudade "]
[Site "http://www.queenalice.com/game.php?id=891279"]
[Date "2011.1.26"]
[Round "-"]
[White "ztnilz"]
[Black "umdoistresredondoredondo"]
[Result "0-1"]
[WhiteElo "1797"]
[BlackElo "1643"]

1. d4 d5 2. c4 Nf6 3. e3 Bf5 4. cxd5 Qxd5 5. Nf3 Bxb1 6. Rxb1 Qxa2 7. Bd3 e6 8.
O-O Bd6 9. b3 O-O 10. Nd2 Nc6 11. Nc4 Nb4 12. Bb2 Nxd3 13. Qxd3 Qa6 14. Ra1 Qc6
15. f3 b5 16. Na5 Qb6 17. Rfc1 c5 18. dxc5 Bxc5 19. Bd4 Bxd4 20. exd4 Rfd8 21.
Nc6 Rd6 22. Nxa7 Rxd4 23. Qxb5 Rd1# 0-1

[Event "Um Novo início"]
[Site "http://www.queenalice.com/game.php?id=891283"]
[Date "2011.1.26"]
[Round "-"]
[White "umdoistresredondoredondo"]
[Black "ztnilz"]
[Result "0-1"]
[WhiteElo "1654"]
[BlackElo "1786"]

1. e4 e5 2. Nf3 Qe7 3. Nc3 c6 4. d4 d6 5. dxe5 dxe5 6. Bc4 g6 7. Bg5 Nf6 8. O-O
Bg7 9. Qe2 O-O 10. Rad1 Nbd7 11. Rd2 h6 12. Bxf6 Nxf6 13. Rfd1 b5 14. Bb3 a5 15.
a3 Ba6 16. Qe3 Qc7 17. Qc5 Rab8 18. Nh4 Kh7 19. a4 b4 20. Ne2 Nxe4 21. Rd7 Qxd7
22. Rxd7 Nxc5 0-1

[Event "AUTO-INT-1942"]
[Site "http://www.queenalice.com/game.php?id=895309"]
[Date "2011.2.3"]
[Round "1"]
[White "FLAMENGO_B"]
[Black "umdoistresredondoredondo"]
[Result "1-0"]
[WhiteElo "1967"]
[BlackElo "1665"]

1. d4 d5 2. c4 Nf6 3. cxd5 Nxd5 4. e4 Nf6 5. Nc3 c5 6. dxc5 Qxd1+ 7. Kxd1 e5 8.
Be3 Be6 9. Nf3 Be7 10. Nxe5 O-O 11. f4 Nbd7 12. Nxd7 Nxd7 13. f5 Nxc5 14. fxe6
Nxe6 15. Bc4 Rfd8+ 16. Kc2 Nf8 17. Rad1 Rxd1 18. Rxd1 Bf6 19. Bd5 Bxc3 20. bxc3
Rc8 21. Bxb7 Rc7 22. Rb1 1-0

[Event "AUTO-INT-1942"]
[Site "http://www.queenalice.com/game.php?id=895310"]
[Date "2011.2.3"]
[Round "1"]
[White "umdoistresredondoredondo"]
[Black "FLAMENGO_B"]
[Result "0-1"]
[WhiteElo "1637"]
[BlackElo "1800"]

1. e4 c5 2. Nf3 d6 3. Bc4 Qc7 4. Nc3 Nc6 5. O-O Nf6 6. d4 cxd4 7. Nxd4 Bg4 8. f3
Bd7 9. Bg5 Qb6 10. Ne2 e5 11. Be3 exd4 12. Nxd4 Qxb2 13. Rb1 Qc3 14. Rxb7 Qxe3+
0-1

[Event "AUTO-INT-1942"]
[Site "http://www.queenalice.com/game.php?id=895325"]
[Date "2011.2.3"]
[Round "1"]
[White "murphyfish"]
[Black "umdoistresredondoredondo"]
[Result "1-0"]
[WhiteElo "1405"]
[BlackElo "1634"]

1. e4 e5 2. d4 exd4 3. Qxd4 Nc6 4. Qc4 Nf6 5. Qe2 Bc5 6. Nf3 O-O 7. Qb5 Bb6 8.
b3 Nxe4 9. Bd3 Nxf2 10. O-O Nxd3+ 11. Kh1 Nf2+ 12. Kg1 Ng4+ 13. Kh1 Qf6 14. Nbd2
Qxa1 15. Ne4 Nf2+ 16. Kg1 Nxe4+ 17. Kh1 1-0

[Event "AUTO-INT-1942"]
[Site "http://www.queenalice.com/game.php?id=895326"]
[Date "2011.2.3"]
[Round "1"]
[White "umdoistresredondoredondo"]
[Black "murphyfish"]
[Result "0-1"]
[WhiteElo "1661"]
[BlackElo "1378"]

1. e4 e5 2. Nf3 d5 3. Nc3 d4 4. Nd5 Nf6 5. Nxf6+ gxf6 6. Bc4 Be6 7. Bxe6 fxe6 8.
d3 Nc6 9. c3 f5 10. cxd4 exd4 11. Bf4 Qd7 12. Ne5 Bb4+ 13. Ke2 O-O-O 14. Nxd7
Rxd7 15. Qb3 fxe4 16. Qxe6 Nd8 0-1

[Event "AUTO-INT-1942"]
[Site "http://www.queenalice.com/game.php?id=895337"]
[Date "2011.2.3"]
[Round "1"]
[White "umdoistresredondoredondo"]
[Black "deepblueII"]
[Result "0-1"]
[WhiteElo "1609"]
[BlackElo "1655"]

1. e4 e5 2. Nf3 Bd6 3. Bc4 b6 4. d4 Nc6 5. dxe5 Nxe5 6. Nc3 Nxc4 7. O-O Ba6 8.
Re1 Qe7 9. Qd4 Nf6 10. e5 Bc5 11. Qd1 Ng4 12. e6 Bxf2+ 13. Kh1 Bxe1 14. exd7+
Kd8 15. Qxe1 Qxd7 16. Qh4+ f6 17. b3 Kc8 18. bxc4 Bxc4 19. Bb2 Ne3 20. Rb1 Bf1
21. Ne1 g5 22. Qg3 Re8 0-1

[Event "AUTO-INT-1942"]
[Site "http://www.queenalice.com/game.php?id=895338"]
[Date "2011.2.3"]
[Round "1"]
[White "deepblueII"]
[Black "umdoistresredondoredondo"]
[Result "0-1"]
[WhiteElo "1656"]
[BlackElo "1637"]

1. e4 e5 2. Nf3 Nc6 3. d4 exd4 4. Nxd4 Nxd4 5. Qxd4 c5 6. Qc3 Nf6 7. e5 Nd5 8.
Qg3 d6 9. Bc4 Nb6 10. Qf4 Nxc4 11. Qxc4 Be6 12. Qb5+ Qd7 13. Qxd7+ Bxd7 14. exd6
Bxd6 15. Nc3 O-O 16. O-O Bc6 17. f3 b5 18. Ne2 Rfe8 19. Rf2 Re6 20. a3 Rae8 21.
Bd2 Rxe2 22. Rxe2 Rxe2 23. Re1 Rxd2 0-1